000 00286nam a2200121Ia 4500
008 241015s9999 xx 000 0 und d
041 _aeng
082 _a920 BED
100 _aKabir Bedi
245 _aStories I Must Tell
260 _bWestland
_aChennai
_c2021
300 _a311;. P. 21 cm
999 _c41722
_d41722